| 000 | 00829nam a2200289 a 4500 | ||
|---|---|---|---|
| 008 | |||
| 020 | _a0340816627 (pbk.) | ||
| 020 | _a9780340816622 (pbk.) | ||
| 049 | _aMAIN | ||
| 090 | 0 |
_aRG123 _bGYN |
|
| 245 | 0 | 0 |
_aGynaecology by ten teachers/ _cedited by Campbell Stuart and Monga Ash. |
| 250 | _a18th ed. | ||
| 260 |
_aLondon : _bArnold , _c2006. |
||
| 300 |
_aix, 245 p. : _bcol. ill. ; _c25 cm. |
||
| 504 | _aIncludes bibliographical references. | ||
| 500 | _aIncludes index. | ||
| 650 | 0 | _aGynaecology. | |
| 650 | 1 | 2 | _aGenital Diseases, Female. |
| 700 | 1 | _aCampbell, Stuart. | |
| 700 | 1 | _aMonga, Ash K. | |
| 730 | 0 | _aObstetrics. | |
| 907 |
_a.b10146878 _b02-02-15 _c17-01-05 |
||
| 003 | |||
| 005 | 20230120204030.0 | ||
| 040 | _cNUST | ||
| 942 |
_cBOOKS _kRG123 _mGYN |
||
| 999 |
_c115913 _d115913 |
||